| 000 | 00538nam a2200193Ia 4500 | ||
|---|---|---|---|
| 003 | GCL | ||
| 008 | 140319s9999 xx 000 0 ara d | ||
| 040 |
_aGCL / _cGCL |
||
| 082 | 0 | 4 |
_a157.92 _bم ش |
| 100 | 1 | _aمصطفى فهمى | |
| 245 | 1 | 0 |
_aالشذوذ النفسى / _cمصطفى فهمى |
| 260 |
_a[S.N] : _bمكتبة مصر |
||
| 300 | _a168 ص | ||
| 490 |
_aفى علم النفس _v0 |
||
| 650 | 0 | 4 | _aعلم النفس |
| 650 | 0 | 4 | _aعلم النفس المرضى |
| 650 | 0 | 4 | _aالسلوك الشاذ |
| 942 |
_2ddc _cBK |
||
| 999 |
_c34359 _d34359 |
||